|
|
|
|
| LEADER |
00722nta a2200193 i 4500 |
| 001 |
dipl114792 |
| 005 |
20210521110806.0 |
| 008 |
210510s1994 hu om 0|| zxx d |
| 040 |
|
|
|a SZTE Diploma Repozitórium
|b hun
|
| 041 |
|
|
|a zxx
|
| 100 |
1 |
|
|a Rab Zoltán
|
| 245 |
1 |
2 |
|a A jánoshalmi alsófokú oktatás története az alternatívák tükrében
|h [elektronikus dokumentum] /
|c Zoltán Rab
|
| 260 |
|
|
|c 1994
|
| 650 |
|
4 |
|a Pedagógusképzés
|
| 650 |
|
4 |
|a Social sciences
|
| 650 |
|
4 |
|a Educational sciences
|
| 650 |
|
4 |
|a Education, general (including training, pedagogy, didactics)
|
| 700 |
2 |
|
|a Bakacsiné Dr. Gulyás Mária
|e ths
|
| 856 |
4 |
0 |
|u http://diploma.bibl.u-szeged.hu/id/eprint/114792/1/1994_rab_zoltan.pdf
|z Dokumentum-elérés
|